Sports Quiz

Random Sports or NBA Quiz

Where did these NBA Players Attend College? Quiz Stats

 Plays Quiz not verified by Sporcle

Support Sporcle.
Go Orange.
Score 0/20 Timer 08:00
0 Plays Today
Player College % Correct
Kevin LoveUCLA
100%
Jayson TatumDuke
97.1%
Kawhi LeonardSan Diego State
92.6%
James HardenArizona State
92.6%
Gordon HaywardButler
92.5%
Derrick RoseMemphis
92.5%
Jabari ParkerDuke
91%
Chris PaulWake Forest
89.7%
Seth CurryDuke
86.6%
Kyle LowryVillanova
85.3%
Player College % Correct
Brook LopezStanford
85.3%
Frank KaminskyWisconsin
77.9%
Isaiah ThomasWashington
76.5%
Khris MiddletonTexas A&M
75%
CJ McCollumLehigh
73.1%
Fred VanVleetWichita State
69.1%
DeAndre JordanTexas A&M
69.1%
Danny GreenNorth Carolina
63.2%
Patrick BeverleyArkansas
39.7%
George HillIUPUI
36.8%

You're not logged in!

Compare scores with friends on all Sporcle quizzes.
OR
Log In

From the Vault

'E' in Geography

by RobPro

Rated 'E' for everyone.
Remove Ads.
Support Sporcle.
Get the best of Sporcle when you Go Orange. This ad-free experience offers more features, more stats, and more fun while also helping to support Sporcle. Thank you for becoming a member.

Show Comments

Extras

Top Quizzes Today


Score Distribution

Your Account Isn't Verified!

In order to create a playlist on Sporcle, you need to verify the email address you used during registration. Go to your Sporcle Settings to finish the process.

Report this User

Report this user for behavior that violates our Community Guidelines.

Details: